[Event "AUTO-OPEN-1396"]
[Site "http://www.queenalice.com/game.php?id=519803"]
[Date "2009.1.9"]
[Round "1"]
[White "AntonioMendonca"]
[Black "Enrico"]
[Result "1-0"]
[WhiteElo "2157"]
[BlackElo "1842"]

1. e4 e5 2. Nf3 Nc6 3. d4 exd4 4. Nxd4 Nxd4 5. Qxd4 Qf6 6. e5 Qg6 7. Nc3 d6 8.
Nb5 Qxc2 9. Bg5 Bf5 10. Rc1 Qe4+ 11. Qxe4 Bxe4 12. Nxc7+ Kd7 13. Nxa8 h6 14. Be3
b6 15. Rc7+ Ke6 16. Rxa7 dxe5 17. Bc4+ Kd6 18. O-O f5 19. Rd1+ Kc6 20. Rc7# 1-0

[Event "AUTO-OPEN-1396"]
[Site "http://www.queenalice.com/game.php?id=519804"]
[Date "2009.1.9"]
[Round "1"]
[White "Enrico"]
[Black "AntonioMendonca"]
[Result "1/2-1/2"]
[WhiteElo "1833"]
[BlackElo "2168"]

1. e4 c5 2. Nc3 Nc6 3. Bc4 Nf6 4. d3 g6 5. h3 Bg7 6. Nf3 O-O 7. a3 d6 8. O-O b6
9. Bb5 Bd7 10. Bxc6 Bxc6 11. Be3 d5 12. exd5 Nxd5 13. Nxd5 Bxd5 14. c3 Bxf3 15.
Qxf3 Qxd3 16. Rfd1 Qb5 1/2-1/2

[Event "AUTO-OPEN-1396"]
[Site "http://www.queenalice.com/game.php?id=519806"]
[Date "2009.1.9"]
[Round "1"]
[White "Iancopoulus"]
[Black "AntonioMendonca"]
[Result "1-0"]
[WhiteElo "2120"]
[BlackElo "2150"]

1. d4 Nf6 2. Nc3 d5 3. e4 dxe4 4. f3 exf3 5. Nxf3 Bg4 6. h3 Bh5 7. g4 Bg6 8. Bc4
e6 9. Bg5 Be7 10. Qe2 c6 11. O-O-O Nbd7 12. Kb1 b5 13. Bb3 b4 14. Bxf6 Nxf6 15.
Na4 O-O 16. Ne5 Qc7 17. h4 Be4 18. g5 Bxh1 19. gxf6 Bxf6 20. Rxh1 Bxe5 21. dxe5
c5 22. h5 Rac8 23. h6 g6 24. Bc4 Rfd8 25. b3 Rd4 26. Bd3 Qc6 27. Rf1 1-0

[Event "Challenge"]
[Site "http://www.queenalice.com/game.php?id=521645"]
[Date "2009.1.13"]
[Round "-"]
[White "waldi"]
[Black "AntonioMendonca"]
[Result "1/2-1/2"]
[WhiteElo "1824"]
[BlackElo "2160"]

1. e4 c5 2. f4 g6 3. Nc3 Bg7 4. Nf3 Nc6 5. Bb5 Nd4 6. O-O a6 7. Bc4 e6 8. e5 d5
9. exd6 Qxd6 10. d3 b5 11. Ne4 Qb6 12. Bb3 c4 13. dxc4 Nxb3+ 1/2-1/2

[Event "QA-ANNIV-03"]
[Site "http://www.queenalice.com/game.php?id=525018"]
[Date "2009.1.18"]
[Round "10"]
[White "AntonioMendonca"]
[Black "J_Ricardo"]
[Result "1-0"]
[WhiteElo "2146"]
[BlackElo "1553"]

1. e4 e5 2. Nf3 d6 3. d4 Nd7 4. Bc4 Ngf6 5. Nc3 a6 6. Ng5 d5 7. Nxd5 Nxe4 8.
Nxe4 c6 9. Ndc3 exd4 10. Qxd4 Qe7 11. O-O c5 12. Qd1 Ne5 13. Be2 g6 14. Bf4 Bg7
15. Qd6 Qxd6 16. Nxd6+ Kd8 17. Bxe5 Bxe5 18. Nxf7+ Ke7 19. Nxe5 Re8 20. Rfe1 Bf5
21. Bd3 Bxd3 22. Nxd3+ Kf8 23. Nxc5 b6 24. Nd7+ Kf7 25. Nxb6 Rab8 26. Nc4 Rbc8
27. Nd6+ Kf8 28. Rxe8+ Rxe8 29. Nxe8 Kxe8 30. Nd5 Kd7 31. Nf6+ 1-0

[Event "Challenge"]
[Site "http://www.queenalice.com/game.php?id=560159"]
[Date "2009.3.23"]
[Round "-"]
[White "jrsindorf"]
[Black "AntonioMendonca"]
[Result "0-1"]
[WhiteElo "1971"]
[BlackElo "2144"]

1. e4 c5 2. Nf3 d6 3. d4 cxd4 4. Nxd4 Nf6 5. Nc3 g6 6. Be3 Bg7 7. Be2 Nc6 8. h4
h5 9. Qd2 O-O 10. O-O-O Nxd4 11. Bxd4 Be6 12. e5 dxe5 13. Bxe5 Qxd2+ 14. Rxd2
Bh6 15. f4 Nd7 16. Nd5 Bxd5 0-1

[Event "Challenge"]
[Site "http://www.queenalice.com/game.php?id=560160"]
[Date "2009.3.23"]
[Round "-"]
[White "AntonioMendonca"]
[Black "jrsindorf"]
[Result "1-0"]
[WhiteElo "2137"]
[BlackElo "1981"]

1. e4 c6 2. d4 d5 3. e5 Bf5 4. Be3 e6 5. Nd2 Nd7 6. Ngf3 Qb6 7. Nb3 c5 8. dxc5
Bxc5 9. Nxc5 Nxc5 10. Nd4 Ne7 11. Nb5 O-O 12. b4 1-0

[Event "Brasileirão"]
[Site "http://www.queenalice.com/game.php?id=566737"]
[Date "2009.4.4"]
[Round "3"]
[White "IuriPasini"]
[Black "AntonioMendonca"]
[Result "1-0"]
[WhiteElo "2252"]
[BlackElo "2172"]

1. e4 c5 2. Nf3 d6 3. d4 cxd4 4. Nxd4 Nf6 5. Nc3 g6 6. Be3 Bg7 7. Be2 O-O 8. O-O
Nc6 9. f3 Bd7 10. Qe1 Rc8 11. Rd1 Nxd4 12. Bxd4 b5 13. a3 1-0

[Event "Challenge"]
[Site "http://www.queenalice.com/game.php?id=576545"]
[Date "2009.4.23"]
[Round "-"]
[White "AntonioMendonca"]
[Black "jrsindorf"]
[Result "1-0"]
[WhiteElo "2144"]
[BlackElo "1986"]

1. e4 c6 2. d4 d5 3. e5 Bf5 4. Nd2 e6 5. Nb3 Nd7 6. Nf3 Ne7 7. Be2 Bg6 8. O-O
Nf5 9. Bd2 c5 10. Bg5 Be7 11. Bb5 c4 12. Bxe7 Qxe7 13. Nc5 O-O-O 14. Bxd7+ Rxd7
15. Nxd7 Kxd7 16. Qd2 Rc8 17. c3 Nh4 18. Nxh4 Qxh4 19. b4 Qd8 20. a4 a6 21. Qf4
b6 22. Qg4 f5 23. Qh3 Qe7 24. f4 Rg8 25. Rf3 Qf7 26. Raf1 Kc8 27. g3 Qe8 28. Ra1
Qf7 29. Qg2 Bh5 30. Rf2 g5 31. fxg5 Rxg5 32. Kh1 Qf8 33. h3 Qg7 34. Rg1 Qd7 35.
a5 b5 36. Kh2 Qg7 37. Qf1 Bg6 38. g4 fxg4 39. Rxg4 Bf5 40. Rxg5 Qxg5 41. Qg2 Qh6
42. Rxf5 exf5 43. Qg8+ Kc7 44. Qf7+ Kb8 45. Qe8+ Kc7 46. Qe7+ Kc8 47. Qc5+ Kb8
48. Qd6+ Qxd6 49. exd6 Kc8 50. Kg3 Kd7 51. Kf4 Ke6 52. d7 Kxd7 53. Kxf5 Kd6 54.
Kf6 1-0

[Event "Challenge"]
[Site "http://www.queenalice.com/game.php?id=577138"]
[Date "2009.4.24"]
[Round "-"]
[White "jrsindorf"]
[Black "AntonioMendonca"]
[Result "1-0"]
[WhiteElo "1962"]
[BlackElo "2162"]

1. e4 c5 2. Nf3 d6 3. d4 cxd4 4. Nxd4 Nf6 5. Nc3 g6 6. Be3 Bg7 7. Be2 O-O 8. Qd2
Nc6 9. O-O-O Nxd4 10. Bxd4 Be6 11. e5 dxe5 12. Bxe5 Qxd2+ 13. Rxd2 Bh6 14. Bg3
Bxd2+ 15. Kxd2 Rad8+ 16. Kc1 Nd5 17. Ne4 b6 18. a3 f5 19. Ng5 Bf7 20. Be5 h6 21.
h4 hxg5 22. hxg5 Be8 23. c4 Rc8 24. Kb1 Nc7 25. c5 bxc5 26. Bc4+ e6 27. Rh8+ Kf7
28. Rh7+ Kg8 29. Rg7+ Kh8 30. Rxc7+ 1-0

[Event "Challenge"]
[Site "http://www.queenalice.com/game.php?id=622330"]
[Date "2009.7.21"]
[Round "-"]
[White "jrsindorf"]
[Black "AntonioMendonca"]
[Result "0-1"]
[WhiteElo "1983"]
[BlackElo "2146"]

1. e4 c5 2. Nf3 d6 3. d4 cxd4 4. Nxd4 Nf6 5. Nc3 g6 6. f3 Bg7 7. Be3 Nc6 8. Bb5
Bd7 9. Qd2 O-O 10. O-O Ne5 11. Bxd7 Qxd7 12. b3 Nc6 13. Rad1 a6 14. Nd5 Nxd5 15.
exd5 Nxd4 16. Bxd4 b5 17. Bxg7 Kxg7 18. Qd4+ Kg8 19. Rc1 Rfc8 20. c4 bxc4 21.
Rxc4 Rxc4 22. Qxc4 Qb5 23. Qc6 Qxc6 24. dxc6 Rc8 25. Rc1 Kf8 26. Kf2 Ke8 27. Ke3
Kd8 28. b4 Kc7 29. Rc4 Kb6 30. Rf4 f5 31. Rh4 h5 32. g4 hxg4 33. fxg4 Rxc6 34.
gxf5 gxf5 35. a4 e5 36. Rh5 f4+ 37. Ke4 Rc4+ 38. Kd5 Rd4+ 39. Ke6 Kc6 40. Rf5
Rxb4 41. h4 Rxa4 42. h5 Ra1 43. h6 Rh1 44. Rf6 a5 45. Ke7 Kd5 46. Rxd6+ Ke4 47.
Ra6 f3 0-1

[Event "Challenge"]
[Site "http://www.queenalice.com/game.php?id=622331"]
[Date "2009.7.21"]
[Round "-"]
[White "AntonioMendonca"]
[Black "jrsindorf"]
[Result "1/2-1/2"]
[WhiteElo "2151"]
[BlackElo "1976"]

1. c4 e5 2. Nc3 Nf6 3. Nf3 Nc6 4. g3 Bb4 5. Bg2 O-O 6. O-O Bxc3 7. bxc3 Rb8 8.
d4 exd4 9. cxd4 d5 10. cxd5 Nxd5 11. Bd2 Bd7 12. e4 Nb6 13. h3 Nc4 14. d5 N6e5
15. Nxe5 Nxe5 16. f4 Nc4 17. Bc1 c5 18. dxc6 Bxc6 19. a4 Qxd1 20. Rxd1 Rfd8 21.
Rxd8+ Rxd8 22. e5 Rd1+ 23. Bf1 Ne3 24. Bb2 Rxa1 25. Bxa1 Nxf1 26. Kxf1 Bxa4 27.
Ke2 Kf8 28. Kd3 1/2-1/2

[Event "QA-ANNIV-04"]
[Site "http://www.queenalice.com/game.php?id=644219"]
[Date "2009.8.29"]
[Round "6"]
[White "marcosnatal"]
[Black "AntonioMendonca"]
[Result "1/2-1/2"]
[WhiteElo "2234"]
[BlackElo "2153"]

1. d4 Nf6 2. c4 e6 3. Nc3 Bb4 4. a3 Bxc3+ 5. bxc3 c5 6. Bg5 Qa5 7. Bd2 Nc6 8. e3
d6 9. Bd3 O-O 10. Ne2 e5 11. O-O Re8 12. Ng3 Qc7 13. Nh5 Nxh5 14. Qxh5 e4 15.
Be2 b6 16. f3 Bb7 17. fxe4 Rxe4 18. Bd3 Na5 19. Bxe4 Bxe4 20. Rf4 Re8 21. Raf1
g6 22. Qe2 f5 23. h3 cxd4 24. cxd4 Qxc4 25. Qf2 Nb3 26. Bb4 d5 27. Rh4 Nc1 28.
Bd6 Qc6 29. Kh1 Rc8 30. Qf4 Qd7 31. Qe5 Nd3 1/2-1/2

[Event "Challenge"]
[Site "http://www.queenalice.com/game.php?id=646535"]
[Date "2009.9.3"]
[Round "-"]
[White "jrsindorf"]
[Black "AntonioMendonca"]
[Result "0-1"]
[WhiteElo "1974"]
[BlackElo "2155"]

1. e4 c5 2. Nf3 d6 3. d4 cxd4 4. Nxd4 Nf6 5. Nc3 g6 6. f3 Bg7 7. Be3 O-O 8. Qd2
Nc6 9. Bc4 Bd7 10. O-O Rc8 11. Bb5 Nxd4 12. Bxd7 Nxf3+ 13. Rxf3 Nxd7 14. Bd4 Ne5
15. Bxe5 Bxe5 16. Nd5 e6 17. Ne3 Bxb2 18. Rd1 Rc6 19. c4 Bg7 0-1

[Event "Challenge"]
[Site "http://www.queenalice.com/game.php?id=646536"]
[Date "2009.9.3"]
[Round "-"]
[White "AntonioMendonca"]
[Black "jrsindorf"]
[Result "1-0"]
[WhiteElo "2162"]
[BlackElo "1965"]

1. e4 e5 2. Nf3 Nc6 3. d4 exd4 4. Nxd4 Bc5 5. Be3 Qf6 6. c3 Nge7 7. Bc4 O-O 8.
O-O Nxd4 9. Bxd4 Bxd4 10. cxd4 d6 11. Nc3 Be6 12. Bxe6 Qxe6 13. Rc1 Qd7 14. a4
c6 15. b4 Rac8 16. f4 Rfd8 17. Qh5 1-0

[Event "QA-ANNIV-04"]
[Site "http://www.queenalice.com/game.php?id=695068"]
[Date "2009.12.9"]
[Round "7"]
[White "AntonioMendonca"]
[Black "Pinone"]
[Result "0-1"]
[WhiteElo "2168"]
[BlackElo "2449"]

1. c4 e5 2. Nc3 d6 3. Nf3 Be7 4. d4 Nd7 5. g3 c6 6. Bg2 f5 7. dxe5 Nxe5 8. Nxe5
dxe5 9. Qxd8+ Bxd8 10. b3 Nf6 11. Ba3 Be7 12. Bxe7 Kxe7 13. O-O-O Ng4 14. Rdf1
e4 15. h3 Nf6 16. Rd1 Be6 17. Rd2 h5 18. Rhd1 h4 19. e3 g5 20. Kc2 g4 0-1

[Event "QA-ANNIV-04"]
[Site "http://www.queenalice.com/game.php?id=762136"]
[Date "2010.4.16"]
[Round "8"]
[White "scaramouche"]
[Black "AntonioMendonca"]
[Result "0-1"]
[WhiteElo "1853"]
[BlackElo "2164"]

1. c4 e5 2. Nc3 Nf6 3. e4 Bb4 4. d3 Bxc3+ 5. bxc3 c5 6. Nf3 Nc6 7. Be2 b6 8. O-O
O-O 9. Bg5 Bb7 10. Bxf6 Qxf6 11. h3 d6 12. Qd2 Rae8 13. Nh2 Qg6 14. f4 exf4 15.
Qxf4 f5 16. Bf3 fxe4 17. Qd2 exf3 18. Nxf3 Ne5 19. Nxe5 Rxf1+ 20. Rxf1 Rxe5 21.
Qf2 Rf5 22. Qe2 Rxf1+ 23. Kxf1 Qf6+ 24. Kg1 Qe5 25. Qd2 g5 26. a3 h5 27. d4 Qf4
28. Qe2 cxd4 29. Qe8+ Kg7 30. cxd4 Qxd4+ 31. Kh1 Qa1+ 32. Kh2 Qe5+ 33. Qxe5+
dxe5 0-1